LEADER 00605nam a2200169 i 4500 001 000000104130 003 CaOOAMICUS 005 20260407105747.0 008 011102s1975 it u000 u ita u 040 $aSeMil$bita 245 10$a4: [Me-Ra]. 300 $aP. 2405-3188. 773 0 $aBattisti, Carlo <1882-1977>$tDizionario etimologico italiano.$dFirenze : Universitŕ degli Studi : Barbčra, 1975.$gVolume4$w()713 850 $aSeMil 852 $aSeMil$W1$xVenegono$y1$mSL1.A III 4/4$j269735$B60544$CSeMilBibl$Z2$F44985 $8I 996 $6245$a4: [Me-Ra]$9(OLS)http://semarc/title/151027